[Event "ISR-chT"]
[Site "Israel"]
[Date "2001.05.25"]
[Round "11"]
[White "Tsesarsky, Ilya"]
[Black "Maryasin, Boris Feliksovich"]
[Result "1/2-1/2"]
[WhiteElo "2450"]
[BlackElo "2430"]
[Annotator "Tsesarsky,I"]
[PlyCount "59"]
[EventDate "2001.02.??"]
[EventType "team"]
[EventRounds "11"]
[EventCountry "ISR"]
[SourceTitle "CBM 083"]
[Source "ChessBase"]
[SourceDate "2001.07.05"]
[SourceVersion "1"]
[SourceVersionDate "2001.07.05"]
[SourceQuality "1"]

1. Nf3 c5 2. c4 e6 3. Nc3 Nf6 4. g3 b6 5. Bg2 Bb7 6. O-O Be7 7. Re1 O-O 8. e4
d6 9. d4 cxd4 10. Nxd4 Qd7 ({More popular is} 10... Qc8 {-mainline}) 11. Be3 {
The best move in this position} ({Interesting also} 11. b3 a6 (11... Nc6 12.
Nxc6 Bxc6 13. Ba3 (13. Bb2 Qb7 (13... Rfd8 14. Qe2 a6 15. Nd5 $16 {0-1
Tolstikh,N-Chernyshov,K/Ceske Budejovice 1997/EXT 98 (75)}) 14. Qe2 Rfe8 15.
Rad1 $14) 13... Rfd8 14. Qe2 Bf8 15. Rad1 Qb7 16. Rd2 $14 {0-1 Zoltek,
T-Vasiliev,R/Moscow 1991/CBM 24 ext (55)}) (11... Rd8 12. Ba3 Nc6 13. Nxc6 Qxc6
14. Qe2 a6 15. Nd5 $14 {0-1 Stoll,F-Schulzke,E/Germany 1997/GER-chT2 (45)}) 12.
Ba3 Nc6 13. Nxc6 $1 (13. Rc1 Rfd8 14. Nxc6 Qxc6 15. Qe2 Bf8 16. Bb2 Nd7 17. f4
b5 $132 {1/2-1/2 Ree,H-Ligterink,G/Leeuwarden 1978/EXT 98 (29)}) 13... Qxc6 14.
Qe2 Rfe8 (14... b5 15. Nd5 Bd8 16. e5 Nxd5 17. cxd5 exd5 18. Bxd6 $16) 15. Bb2
Rac8 16. Rad1 Nd7 17. f4 $14) (11. a4 $6 Rc8 12. b3 Nc6 13. Nde2 $6 $132 {
0-1 Von Gleich,A-Enders,P/Germany 1993/GER-chT (55)}) (11. e5 $6 dxe5 12. Nf3
Qxd1 13. Rxd1 Nbd7 14. Bg5 Rfd8 {1/2-1/2 Fritz,R-Ritz,T/Wattens 1995/EXT 2000 
(14)}) (11. Qe2 $5 Nc6 12. Nxc6 Qxc6 13. Bf4 Rfe8 14. a4 (14. Rad1 $5 $14)
14... a6 15. a5 bxa5 16. Rxa5 Rac8 17. Be3 Nd7 18. b3 Bf6 $132 {1/2-1/2
Degerman,L-Hellsten,J/Sweden 1999/EXT 2000 (36)}) (11. f4 Nc6 12. Nc2 Rfd8 13.
b3 Rac8 14. Bb2 a6 15. Ne3 Qc7 16. Rc1 Nb8 17. g4 d5 18. exd5 Qxf4 $132 {
1-0 Krivoshey,S-Kantorik,M/SVK 2000/EXT 2001 (52)}) 11... Nc6 (11... a6 12. Rc1
Qc7 13. f4 Re8 $1 ({On} 13... Nbd7 {Very strong is} 14. Nd5 $1 {A couple of
games played this variation was in White favour, even with Black R on e8
instead of f8.} (14. Bf2 Rac8 15. b3 {-teoretical position.}) 14... exd5 15.
cxd5 Qd8 16. Nc6 Bxc6 17. dxc6 Nc5 18. c7 Qxc7 19. e5 dxe5 20. Bxa8 Rxa8 21. b4
Rd8 22. Qe2 exf4 23. Bxf4 Bd6 24. Bxd6 Qxd6 25. bxc5 $16) 14. Bf2 Bf8 15. b3 g6
16. Nc2 Nbd7 17. Ne3 Rac8 18. b4 Qb8 $132 {1-0 Ross,D-Boudy,J/Montreal 1996/
EXT 99 (78)}) 12. f4 (12. Rc1 Rfd8 13. Qe2 Rac8 14. b3 Qc7 15. Nxc6 Bxc6 16.
Nd5 $16 {1-0 Rosen,B-Weber,F/Germany 1992/TD (38)}) 12... Rac8 (12... Nxd4 13.
Bxd4 Ne8 14. Qe2 Rc8 15. Rad1 Qc7 16. b3 Bc6 17. Nd5 $16 {1-0 Vaschetti,
A-Cinak,N/Dubai 1986/TD (44)}) 13. Qe2 {Except of this move quite good were} (
13. b3 $14) (13. Nxc6 Bxc6 14. Rc1 Rfd8 15. g4 $1 {[%cal Gg4g5]} (15. Bf2 Qb7
16. Qe2 Nd7 17. Nd5 Bf8 18. Nb4 $14) 15... Qb7 16. Bf2 h6 17. h4 $14 a6 (17...
d5 $2 18. exd5 exd5 19. cxd5 $18) 18. g5 hxg5 19. hxg5 Nd7 20. Qh5 $40 {
[%cal Ge1e3,Ge3h3]}) 13... Nxd4 14. Bxd4 e5 $5 15. Bf2 $6 $11 {Badly!} ({
Right was} 15. fxe5 $1 dxe5 16. Bxe5 Qe6 (16... Ng4 17. Bh3 Bc5+ 18. Kg2 f5 19.
Rad1 $16) (16... Bc5+ 17. Kh1 Ng4 18. Rad1 Qe6 19. Bd4 $16) 17. Bxf6 $1 Qxf6 (
17... Bxf6 18. e5 Bxg2 19. exf6 Bb7 20. fxg7 $16) 18. e5 Bc5+ 19. Kh1 Bxg2+ 20.
Kxg2 Qe6 21. Nd5 $14) 15... Ng4 (15... exf4 16. gxf4 Rfe8 17. b3 Bd8 18. Rad1
a6 19. Qf3 $14) 16. Bh3 f5 $1 {Black has convenient game.} 17. exf5 ({Or} 17.
Bxg4 fxg4 18. f5 h5 19. b3 g6 $1 20. fxg6 Qe6 21. Nd5 Bg5 22. Be3 Qxg6 23. Bxg5
Qxg5 24. Rf1 $11) 17... Nxf2 18. Kxf2 (18. Qxf2 {was lead to complicated game
with dynamic equality:} Rxc4 19. Rad1 exf4 (19... Qc6 20. Nd5 Kh8 21. Bg2 Rc2
22. Re2 Rxe2 23. Qxe2 Bd8 24. fxe5 dxe5 25. Qxe5 Qc5+ $44) 20. f6 Qxh3 21. Rxe7
Rxf6 22. Rxb7 fxg3 23. Rb8+ Rc8 (23... Kf7 24. Rb7+) 24. Rxc8+ Qxc8 25. Qd4
gxh2+ 26. Kh1 Qb7+ 27. Qd5+ Qxd5+ 28. Rxd5 Rf2 $44) 18... d5 $2 $16 ({I was
afraid of} 18... Bf6 $1 19. fxe5 Bxe5 20. Rad1 Qf7 21. Nd5 b5 $1 $132 {[%csl
Rd5,Ge5,Rf2][%cal Gb5c4,Gb7d5,Gf7d5] I didn't like this position!}) 19. Nxd5 $2
$11 ({Why not to take with P?} 19. cxd5 $1 Bc5+ ({In case of} 19... Bxd5 {
Quite strong is} 20. Rad1 $1 Bc5+ 21. Kf1 Bd4 22. Nxd5 Qxd5 23. Qe4 Qc4+ 24.
Re2 Rce8 25. b3 Qf7 (25... Qa6 26. Bg4 $1) 26. Bg4 $16 {[%cal Gf1g2]}) 20. Kf1
exf4 21. gxf4 Rce8 22. Qf3 $16 {This position, I saw, of course, but evaluated
as at least equal for Black...}) 19... Bxd5 20. cxd5 ({Here} 20. Rad1 {is not
so effective:} Rxc4 21. Qxc4 Bc5+ $1 22. Qxc5 $8 (22. Re3 Bxc4 23. Rxd7 exf4
24. gxf4 Re8 $19) 22... bxc5 23. Rxe5 Qb5 24. Rexd5 Qxb2+ 25. R1d2 Qc1 26. Re2
$132) 20... Qxd5 (20... Bc5+ $2 21. Kf3 Qxd5+ 22. Qe4 Qxe4+ 23. Rxe4 exf4 24.
Kxf4 $16) 21. Qe4 Qxe4 22. Rxe4 Rc2+ 23. Kf3 (23. Re2 Bc5+ 24. Kf3 Rxe2 25.
Kxe2 exf4 26. Rd1 $11) 23... Rxh2 ({Equalizes also} 23... Rxb2 $5 24. fxe5 (24.
Rh1 Bc5 25. fxe5 (25. Rxe5 Rxa2 26. Bf1 Ra3+ 27. Kg4 Rd8 28. Bc4+ Kf8 29. Rhe1
a5 $15) 25... Rf2+ 26. Kg4 R8xf5 $17) (24. g4 Rc8 $17) 24... Rxh2 25. Bg4 h5
26. Bh3 g5 27. f6 g4+ 28. Bxg4 hxg4+ 29. Rxg4+ Kh8 30. Rd1 Bxf6 $11) 24. Bf1 $1
(24. Bg2 Rxf5 25. Rxe5 Rxe5 26. fxe5 Kf7 27. g4 Ke6 28. Re1 h5 29. Kg3 Bh4+ 30.
Kxh2 Bxe1 31. gxh5 $11) 24... Rxf5 25. Rc1 h5 26. Rc8+ Rf8 27. Bc4+ Kh7 28.
Rxf8 Bxf8 29. fxe5 ({More chances would remain} 29. Rxe5 $5 g6 $1 ({Not} 29...
Rxb2 30. Rxh5+ Kg6 31. Rg5+ Kf6 32. Kg4 $1 $16 {This strong move I overlooked..
.}) 30. Bd3 Bc5 $1 (30... Rxb2 31. Rxh5+ Bh6 32. Rd5 Rxa2 33. Rd6 $14) 31. Rg5
(31. Re6 Rf2+ 32. Ke4 Rd2 33. a3 Bf2 34. Rd6 Bxg3 35. Kf3 Be1 36. Bxg6+ Kh6 37.
Bd3+ Kg7 $132) 31... Rf2+ 32. Ke4 Rd2 33. a4 Bf2 34. b3 Kh6 35. Bc4 a5 36. Bf7
Rd6 37. Kf3 Bc5 $11) 29... Bc5 30. Re2 1/2-1/2

[Event "ISR-chT"]
[Site "Ramat Aviv"]
[Date "2000.04.28"]
[Round "9.3"]
[White "Bruk, Ofer"]
[Black "Tsesarsky, Ilya"]
[Result "1/2-1/2"]
[WhiteElo "2398"]
[BlackElo "2458"]
[Annotator "Tsesarsky,I"]
[PlyCount "110"]
[EventDate "2000.01.14"]
[EventType "team"]
[EventRounds "11"]
[EventCountry "ISR"]
[SourceTitle "CBM 077"]
[Source "ChessBase"]
[SourceDate "2000.07.27"]
[SourceVersion "1"]
[SourceVersionDate "2000.07.27"]
[SourceQuality "1"]
[WhiteTeam "Maccabi Afek"]
[BlackTeam "Jerusalem Elitzur"]
[WhiteTeamCountry "ISR"]
[BlackTeamCountry "ISR"]

{[%mdl 256]} 1. Nf3 Nf6 2. c4 b6 3. g3 Bb7 4. Bg2 c5 5. O-O g6 6. b3 Bg7 7. Bb2
O-O 8. Nc3 d6 $5 {I tried in this game to avoid clear drawn positions.} (8...
Na6 9. d4 d5 $10) (8... d5 9. d4 dxc4 10. dxc5 $11) 9. d4 cxd4 10. Qxd4 Nbd7
11. Rac1 (11. Rfd1 a6 (11... Ne4 12. Qe3 Nxc3 13. Bxc3 Nf6 14. Rac1 Rc8 15. Ne1
(15. h3 Rc7 16. Nh2 Bxg2 17. Kxg2 Qc8 $11 {½-½ (20) Landa,K (2570)-Eingorn,V
(2585) Velden 1996 EXT 1997}) 15... Qd7 16. Nd3 Bxg2 17. Kxg2 Nd5 18. cxd5 Bxc3
$11 {1-0 (33) Andersson,U (2590)-Partos,C (2425) Biel 1985 IZT}) (11... Rb8 12.
Rac1 a6 13. Nd5 b5 14. Nxf6+ Bxf6 15. Qd2 {½-½ Bagirov,V (2485)-Eingorn,V 
(2585) Moscow 1991 URS-ch}) (11... Rc8 12. Qe3 (12. Qd2 Re8 (12... a6 13. Nd4
Bxg2 14. Kxg2 Qc7 15. f3 Qb7 16. e4 Rfe8 $11 {0-1 (37) Ilinsky,V (2340)-Kengis,
E (2465) Frunze 1989 TD}) 13. Nd4 Bxg2 14. Kxg2 Rc5 15. f3 Qa8 $11 {1-0 (32)
Tuor,P-Crisovan,A corr 1986 Corr 2000}) (12. Nd5 Bxd5 (12... a6 $132 {- 11...
a6, 12...Rc8}) 13. cxd5 Rc2 14. Rd2 Rc5 15. Ne1 (15. e4 Qc7 16. Qd3 Nxe4 $17 {
0-1 (34) Kirov,N (2460)-Conquest,S (2455) Cordoba 1995 EXT 1998}) 15... a5 16.
Nd3 Rc7 $11 {1-0 (52) Kirov,N (2445)-Cebalo,M (2500) Graz 1987 TD}) (12. Qf4
Rc5 13. Ne1 Qa8 14. Qe3 Re8 $11 {1-0 (62) Leski,M (2435)-Pigusov,E (2560)
Corsica 1997 EXT 1999}) (12. Qd3 a6 13. Nd4 Bxg2 14. Kxg2 Rc5 15. f3 Re8 16.
Qd2 Qb8 $132 {0-1 (61) Anand,V (2765)-Milov,V (2635) Biel 1997 CBM 060 [Milov,
V]}) 12... a6 (12... Nc5 13. Bh3 $5) 13. Nd4 Bxg2 14. Kxg2 Re8 15. Rac1 Rc5 16.
h3 Qc8 $11 {½-½ (25) Plaskett,H (2450)-Adorjan,A (2560) Hastings 1986 CBM 004
}) 12. Nd5 b5 (12... Rc8 $132 {- 11...a6, 12...Rc8} 13. Ne1 Ba8 (13... Nc5 14.
Qh4 Nxd5 {½-½ Ninov,K (2495)-Georgiev,K (2595) Bulgaria 1988 EXT 1997}) 14.
Rac1 Nc5 15. Ba1 Rb8 16. Nc2 Ne8 17. Qe3 e6 18. Bxg7 Nxg7 19. Nc3 Bxg2 20. Kxg2
Qc7 $11 {½-½ (30) Dizdar,G (2490)-Gyorkos,L (2435) Makarska 1993 EXT 1997})
13. Ne1 Rb8 14. cxb5 axb5 (14... Bxd5 15. Bxd5 Rxb5 16. Bg2 a5 17. Nd3 $132 {
½-½ (22) Velikov,P (2480)-Kudrin,S (2570) Palma de Mallorca 1989 TD}) 15.
Rac1 (15. Nb4 Nc5 16. Bxb7 Rxb7 17. Qh4 Qd7 $11 {1-0 (74) Ilinsky,V (2340)
-Moldobaev,E (2360) Frunze 1989 TD}) 15... Ne5 16. Nb4 Qd7 17. Qa7 Bxg2 18.
Qxd7 Nfxd7 19. Kxg2 Rfc8 $11 {1-0 (79) Velikov,P (2485)-Howell,J (2420)
Groningen 1988 EXT 1997}) (11. Nd5 Rc8 (11... b5 12. Rac1 Rc8 13. Rfd1 bxc4 14.
bxc4 Rc5 15. Ne1 Bxd5 16. cxd5 Qa5 17. Rxc5 Nxc5 18. Qc4 Rb8 $15 {0-1 (37)
Moehring,G (2360)-Gurevich,M (2515) Balatonbereny 1987 EXT 2004 r+}) 12. Nxf6+
Nxf6 (12... Bxf6 13. Qd2 Bxb2 14. Qxb2 a6 $11) 13. Rfd1 Rc5 14. Rac1 Qa8 $11 {
0-1 (60) Nadera,B (2405)-Adianto,U (2585) Genting 1995 CBM 047 Extra r+}) 11...
a6 (11... Rc8 12. Nd5 (12. Rfd1 a6 (12... Re8 13. Qd2 (13. Bh3 Rc5 14. b4 Rh5
15. Bg2 Nd5 16. Qd2 Nxb4 $17 {0-1 (76) Csom,I (2472)-Matthias,H (2399)
Lippstadt 1999 CBM 072}) (13. Ne1 Ne4 14. Qe3 Nxc3 15. Bxc3 Bxg2 16. Nxg2 Nf6
17. Qd3 Qd7 $11 {½-½ (50) Petrosian,S (2375)-Gustafsson,J (2410) Hamburg
1999 CBM 068 Extra}) 13... Nc5 14. Ne1 Bxg2 15. Nxg2 Qd7 16. f3 Qb7 17. e4 a6
$11 {0-1 (54) Otero,E (2325)-Vilela de Acuna,J (2405) St Spiritus 1989 EXT
1997 r6}) (12... Rc5 13. Ne1 (13. Qd2 Qa8 14. Ne1 a6 15. a4 Rc7 $11 {½-½ (50)
Kelly,B (2405)-Eingorn,V (2610) Berlin 1998 CBM 066 Extra}) (13. Qe3 Rh5 (13...
Re8) 14. Rc2 Bh6 15. Qd4 Nc5 16. b4 Ne6 17. Qd3 a5 $132 {1-0 (32) Pigusov,E 
(2495)-Zagrebelny,S Tashkent 1986 EXT 1997}) 13... Bxg2 14. Nxg2 Re8 (14... Nd5
15. Qd2 Nxc3 16. Bxc3 Bxc3 17. Rxc3 $11) 15. Nd5 b5 16. Nde3 a6 17. b4 Rc7 18.
Qd3 Qb8 19. cxb5 Rxc1 20. Rxc1 axb5 21. a3 Qb7 $11 {1-0 (40) Rajkovic,D (2500)
-Kiss,A (2360) Wuerzburg 1989 EXT 2002}) 13. Qe3 Re8 14. h3 (14. a3 {r9}) 14...
Rc7 15. Ne1 Qb8 16. Bxb7 Qxb7 17. Nd3 b5 $11 {1-0 (45) Fedorowicz,J (2520)
-Kudrin,S (2515) Estes Park 1987 EXT 1997 /44/(32) r6}) (12. Qd2 Nc5 13. Rfd1
Qd7 14. Nd4 Bxg2 15. Kxg2 Ng4 16. Nf3 Nxf2 17. Kxf2 Bxc3 $19 {0-1 (31)
Spiridonov,N (2420)-Pokojowczyk,J (2400) Myslenice 1987 EXT 1997}) (12. Qd3 Nc5
13. Qb1 Nce4 14. Nd5 Qd7 15. Nxf6+ Nxf6 16. Rfd1 {½-½ Tompa,J (2445)-Almasi,
Z (2340) Kobanya 1991 TD}) 12... Re8 13. Rfd1 a6 (13... b5 14. Qxa7 Bxd5 15.
cxd5 Nc5 16. Qa3 Ra8 17. Qb4 Rxa2 18. Bc3 Qb6 19. Nd4 Nfe4 20. Be1 f5 $132 {
1-0 (49) Stangl,M (2385)-Maus,S (2425) Germany 1988 GER-chT}) (13... e6 14.
Nxf6+ Nxf6 15. Ba1 d5 16. Ne5 h5 17. e3 Qe7 18. cxd5 Rxc1 19. Rxc1 Bxd5 $11 {
1-0 (34) Velikov,P (2475)-Eingorn,V (2570) Saint John 1988 CBM 006}) 14. Ne1
Ba8 15. Qd2 b5 16. Nxf6+ Bxf6 17. Bxf6 Nxf6 18. Bxa8 Rxa8 19. Nd3 {½-½ Jansa,
V-Ribli,Z Amsterdam 1974 MCL}) 12. Nd5 $6 (12. Rfd1 Rc8 13. Qd2 (13. Qe3 Re8
14. h3 (14. Ba1 Rc5 15. a4 Qa8 16. Ne1 Rf5 17. Bxb7 Qxb7 18. f3 h5 19. Ng2 Rc5
20. Bb2 Rcc8 21. Ba3 Nc5 22. Rb1 Ne6 23. Qd3 Nc7 24. Nf4 b5 25. cxb5 axb5 26.
Nxb5 Nxb5 27. Qxb5 Qxb5 28. axb5 Rb8 $11 {½-½ (32) Karpov,A (2705)-Kasparov,
G (2740) London/Leningrad 1986 MainBase /YB/5}) 14... Bc6 15. Nd4 Bxg2 16. Kxg2
Qc7 17. Ba1 Qb8 18. Kg1 Rc5 19. Nd5 Kf8 20. Nf3 Nxd5 21. Bxg7+ Kxg7 22. Rxd5
Nf6 23. Rxc5 bxc5 $11 {0-1 Rotstein,A-Adams,M/Wijk op (3) 1993 (39) r4}) (13.
Ba1 Bc6 (13... Re8 14. Qd2 Rc5 15. Na4 Rc8 16. Qb4 Qc7 17. Bd4 Rb8 18. Nc3 Rec8
19. Qa3 Qd8 $132 {½-½ (23) Stangl,M (2385)-Szekely,P (2420) Dortmund 1988 TD}
) (13... Rc5 14. Na4 Rc8 15. Nc3 Re8 16. Bh3 $132 {1-0 (46) Keitlinghaus,L 
(2410)-Chandler,M (2600) Germany 1989 GER-chT}) 14. Nd5 Re8 15. Qd2 Ne4 16. Qe3
Bxa1 17. Rxa1 Ndf6 18. Rac1 $14 {1-0 (43) Ribli,Z (2580)-Keitlinghaus,L
Germany 1987 GER-chT}) (13. h3 Ne4 14. Qe3 b5 15. cxb5 axb5 16. Nd4 Nxc3 17.
Rxc3 Bxg2 18. Kxg2 Bf6 $11 {½-½ (21) Fominyh,A (2515)-Zagrebelny,S (2510)
Alushta 1994 CBM 041 r6}) (13. Nd5 b5 14. Ne1 Nc5 15. Qd2 Nfe4 16. Qc2 Bxb2 17.
Qxb2 bxc4 18. Rxc4 Bxd5 19. Rxd5 Nf6 20. Rd1 Qb6 $132 {1-0 (65) Georgiev,K 
(2595)-Kasparov,G (2750) Saint John 1988 EXT 1997}) 13... Rc7 14. Ne1 Bxg2 15.
Nxg2 Qa8 16. Ne3 Re8 $11 {½-½ (61) Kramnik,V (2751)-Polgar,J (2677) Dos
Hermanas 1999 CBM 071}) 12... b5 13. Nxf6+ Bxf6 (13... Nxf6 14. Qh4 h5 15. cxb5
axb5 16. a3 Rc8 17. Rxc8 Qxc8 18. Rc1 Qb8 $11 {1-0 (41) Djuric,S (2475)-Cebalo,
M (2515) Yugoslavia 1988 EXT 1997}) 14. Qd2 Bxb2 15. Qxb2 Qb6 16. Qd4 $2 $15 {
(=)} (16. Rfd1 $11) 16... Rfc8 17. Bh3 $2 $17 (17. Qh4 Nf6 18. Bh3 Rc5 19. Qd4
Qc7 $15 {[%csl Rc4][%cal Gc7c1]} (19... Bxf3 20. exf3 Qc7 21. Rfe1 Kf8 22. Qe3
bxc4 23. Rxc4 Rxc4 24. bxc4 Re8 25. c5 dxc5 26. Rc1 Kg7 27. Qxc5 $11 {½-½ 
(48) Forgacs,J (2315)-Bernei,A (2345) Hungary 1994 TD})) 17... f5 $1 18. Qh4
Nf6 19. Qg5 Kf7 20. Bg2 bxc4 21. bxc4 (21. Rxc4 Rxc4 22. bxc4 Rc8 $17 {[%csl
Rc4] ><c4}) 21... Rab8 22. Rb1 Qc7 23. Qh4 (23. Rfc1 Bxf3 24. Rxb8 Qxb8 25.
Bxf3 Qb2 26. Qe3 Qxa2 27. c5 $17) 23... Bxf3 24. Rxb8 Qxb8 25. Bxf3 Qb4 26. Rc1
d5 $5 (26... Qb2 27. Qf4 Qxa2 $17) 27. Qd4 (27. c5 Qxh4 28. gxh4 Rc6 $17 {
[%csl Rc5][%cal Ge7e6,Gf6d7] /\e6, Nd7, ><c5}) 27... Qc5 (27... dxc4 28. Bd5+
Nxd5 (28... e6 29. Qa7+ $18) 29. Qxd5+ Kf6 30. Qd4+ e5 31. Qd7 Qc5 32. Rd1 $44
{[%csl Rf6] ><Kf6}) 28. e3 $8 a5 $1 (28... Ne4 29. Bxe4 fxe4 30. Qe5 dxc4 31.
Qxe4 c3 32. Rc2 $15) (28... dxc4 29. Bb7 Rc7 30. Bxa6 c3 31. Qxc5 Rxc5 32. Bd3
e5 $15) 29. Be2 (29. Rc3 e6 $17 {[%csl Rc4][%cal Gc8c3] ><c4}) 29... Ne4 30.
Rc2 Qxd4 $2 $11 {Based on wrong variation calculation.} ({Right was} 30... Nd6
$1 {[%csl Rc4][%cal Gc8c2] <->c, ><c4} 31. Bf3 (31. Qh4 h5 32. Bxh5 gxh5 33.
Qxh5+ Kg7 34. Qg5+ Kf8 $19) 31... dxc4 $17) 31. exd4 dxc4 32. Rxc4 (32. Bxc4+
$2 Kf6 33. f4 (33. Kg2 Nd6 34. Bd3 Rxc2 35. Bxc2 Nb5 36. d5 Ke5 $19) 33... e6 (
33... Nd6 34. Bd3 Rxc2 35. Bxc2 Nb5 36. d5 $11) 34. Bd3 Rxc2 35. Bxc2 Nc3 $17 {
[%csl Ra2,Rd4][%cal Gc3e2,Ge2d4] /\Ne2+xd4}) 32... Rxc4 (32... Rb8 33. Bd3 Nd2
(33... Rb2 34. Bxe4 fxe4 35. Ra4 Rb5 $11) 34. Ra4 Nf3+ 35. Kh1 (35. Kf1 Nxh2+
36. Ke1 Rb4 37. Rxa5 Rxd4 $17) 35... Rb2 36. Bc4+ Kf6 37. Kg2 Nd2 38. Bd3 $11)
33. Bxc4+ Kf6 34. f4 $1 (34. Kg2 Nd6 35. Bd3 Ke6 36. Kf3 Kd5 37. Ke3 Nc4+ $19)
34... Nd2 35. Be2 {(=)} g5 $5 (35... Ke6 $1 36. Kf2 Kd5 37. Ke3 Nc4+ 38. Kd3 $1
{I missed this move in previous calculations.} (38. Bxc4+ Kxc4 $19) 38... Nb2+
39. Kc3 Na4+ 40. Kd3 Nb2+ $11) 36. Kf2 (36. fxg5+ Kxg5 37. Kf2 Ne4+ 38. Ke3 Nc3
39. Bc4 Kg4 40. Be6 h6 41. a3 $132) 36... g4 $6 (36... gxf4 37. gxf4 Ne4+ 38.
Ke3 Nc3 39. Bc4 e6 (39... Kg6 40. d5 Kh5 41. Kd4 $16) 40. Kd3 Ne4 $11) 37. Ke3
Ne4 38. a3 (38. Bxg4 Nc3 39. Be2 Nxa2 40. Kd2 Nb4 41. Bc4 e6 $11) 38... h5 39.
d5 {Here Black had to play for a draw.} h4 $6 (39... e6 40. dxe6 Nc5 41. Kd4
Nxe6+ 42. Ke3 (42. Kd5 h4 $17) 42... Nc5 43. Bb5 $14 {[%csl Rh5][%cal Gb5e8] /
\Be8, ><h5}) (39... Kg6 40. Bd3 Nd6 41. Kd4 h4 42. Ke5 hxg3 43. hxg3 Kf7 44. a4
(44. Bxf5 Nc4+ 45. Kd4 Nxa3 46. Bd3 $18) 44... Kg6 45. Ke6 $18) 40. gxh4 Kg6 (
40... Nc3 41. Bc4 Nb1 42. a4 Nc3 43. Bb3 Kg6 44. Kd4 Ne2+ 45. Ke5 Kh5 46. Bc4
Nc3 47. Kxf5 Nxa4 48. Ke6 Nb2 49. Ba2 Nd3 50. Kxe7 Nxf4 51. d6 Nd3 52. Ke6 (52.
d7 Ne5 $13) 52... Nc5+ 53. Kd5 Nd7 54. Bb3 Kxh4 55. Ba4 Nf8 56. Ke5 g3 57.
hxg3+ Kxg3 58. Kf6 Kf4 59. Bc6 a4 60. Bxa4 Ke4 61. Ke7 Ke5 62. Bc2 Kd5 63. Bf5
Kc6 64. Be4+ Kc5 $11) 41. Bd3 (41. Bxg4 Nc3 42. Bf3 Nb5 43. a4 Nc3 44. Kd4 Nxa4
45. h5+ Kf6 46. h4 Nb6 47. h6 Kg6 48. Ke5 a4 $11) 41... Nd6 42. Kd4 Kh5 43. Ke5
Kxh4 44. Bxf5 Kh3 45. Ke6 (45. a4 Nc4+ 46. Ke6 (46. Kd4 Nb6 47. Be6 Nxa4 48. f5
Kxh2 49. d6 exd6 50. f6 g3 51. Bd5 Nb6 $19) 46... Nd6 47. Ke5 Nc4+) 45... a4
$22 46. Bxg4+ (46. Ke5 Nc4+ 47. Ke6 Nd6) 46... Kxg4 47. Kxe7 Nf5+ 48. Ke6 (48.
Kd7 Kxf4 49. Kc6 Ke5 $11) 48... Nd4+ 49. Ke5 Nf3+ 50. Ke4 (50. Kf6 Kxf4 51. d6
Ne5 52. h4 Nd7+ 53. Ke6 Nb8 54. d7 (54. Kd5 Kg4 55. Kc5 Kxh4 56. Kb5 Kg5 57.
Kxa4 Kf6 58. Kb5 Ke6 $11) 54... Nc6 55. h5 Kg5 56. Kd6 Nd8 $11) 50... Nd2+ 51.
Kd3 Nb3 (51... Nf3 $144 52. Kc3 Kxf4 53. h4 Ke5 54. h5 Kxd5 $11) 52. Kc4 Kxf4
53. d6 Na5+ 54. Kb5 Nb7 55. d7 Kg4 ({Etud} 55... Kg4 56. Kb6 (56. Kxa4 Nc5+ 57.
Kb5 Nxd7 58. a4 Nb8 59. a5 Kh3 60. Kb6 Kxh2 61. Kb7 Nd7 62. Kc6 Nb8+ $11) 56...
Nd8 57. Kc7 Ne6+ 58. Kd6 Nd8 59. Kc7 Ne6+) 1/2-1/2

[Event "Telechess ol1 7778"]
[Site "telex"]
[Date "1977.10.22"]
[Round "2.1"]
[White "Uhlmann, Wolfgang"]
[Black "Andersson, Ulf"]
[Result "1/2-1/2"]
[WhiteElo "2555"]
[BlackElo "2565"]
[Annotator "Uhlmann,W"]
[PlyCount "56"]
[EventDate "1977.02.19"]
[EventType "team-k.o."]
[EventRounds "4"]
[SourceTitle "EXT 2012"]
[Source "ChessBase"]
[SourceDate "2011.11.24"]
[SourceVersion "1"]
[SourceVersionDate "2011.11.24"]
[SourceQuality "1"]
[WhiteTeam "German Dem Rep"]
[BlackTeam "Sweden"]
[WhiteTeamCountry "DDR"]
[BlackTeamCountry "SWE"]

{SCHACH 12/1977} 1. c4 c5 2. Nf3 Nf6 3. Nc3 e6 4. g3 b6 5. d4 cxd4 6. Qxd4 Bb7
7. Bg2 Nc6 ({Die Modevariante lautet} 7... Be7 8. O-O d6 {nebst Nbd7}) 8. Qf4
Bb4 {Das ist eine theoretische Neuerung. Weiß wird zu Bd2 gezwungen und kann
damit den Läufer nicht ohne Zeitverlust in der Diagonalen a1-h8 postieren.} 9.
Bd2 O-O 10. O-O Be7 $1 11. Rad1 ({Wahrscheinlich verdiente} 11. Rfd1 {den
Vorzug.}) 11... a6 12. Nd4 (12. b3 {ist nicht gut wegen} b5 {mit schwarzer
Initiative.}) 12... Qc8 $1 13. Nxc6 Bxc6 14. e4 $1 d6 15. Rfe1 Re8 $1 ({Auf} 
15... b5 $6 {hätte Weiß das starke Manöver} 16. Nd5 $1 {zur Hand, z.B.} Nxd5 (
16... exd5 $2 17. exd5 {nebst Rxe7 mit klarem Vorteil.}) 17. exd5 e5 18. Qe3
Bd7 19. c5 $1 dxc5 20. d6 $1 Bxd6 21. Bc3 {mit Figurengewinn.}) 16. Rc1 $6 (16.
a4 $142) 16... Qb7 17. a4 Nd7 18. Qg4 $1 Nc5 19. b4 $1 Nd3 $1 ({Verloren hätte
} 19... Nxa4 {wegen} 20. b5 axb5 21. cxb5 Bd7 22. e5 d5 23. Nxa4 {mit
Figurengewinn.}) ({Oder} 19... Nb3 20. Bh6 g6 21. Rb1 Nd4 22. b5 Qd7 23. e5 {
ebenfalls mit Figurengewinn.}) 20. b5 $1 axb5 21. axb5 Bd7 22. e5 d5 23. Bh6 $1
Bf8 $1 ({Schwächer ist} 23... g6 24. cxd5 Nxe1 ({nicht} 24... exd5 25. e6 $3
Bxe6 26. Qd4 {mit Gewinn}) 25. Rxe1 Qc8 ({oder} 25... exd5 $2 26. e6 $1 Bxe6 (
26... fxe6 27. Qd4 Bf8 28. Nxd5 {mit Gewinn}) 27. Rxe6 $1 Ra1+ 28. Bf1 {
mit Gewinn}) 26. Na4 $1) 24. Ne4 $1 {Nur so kann Weiß den Angriff verstärken.}
Nxe1 $1 {Die beste Abwicklung.} ({Falsch wäre} 24... dxe4 25. Bxe4 Nxe5 26. Qh5
Nc6 (26... Qc7 27. Bf4 {mit klarem Vorteil}) 27. Bxh7+ $1 Kxh7 28. Bxg7+ $1
Kxg7 29. Qg5+ Kh8 30. Re4 Bg7 31. Rg4 Rg8 32. Rh4+ {nebst #}) 25. Nf6+ $1 ({
Optisch sieht auch} 25. Nd6 {stark aus. Jedoch nach} Qc7 26. Rxe1 Ra4 {steht
Schwarz besser.}) 25... Kh8 26. Bg5 $1 {Die Pointe des ganzen Opferspiels.
Leider ist es nur eine Remisabwicklung.} Nd3 {Was sonst?} (26... h6 {scheitert
an} 27. Bxh6 gxf6 28. Bxf8 Rxf8 29. exf6 {nebst #}) ({oder} 26... Be7 27. Nxe8
Nd3 28. Bf6 $1 Bxf6 29. exf6 g6 30. Qg5 {nebst #}) 27. Qh5 $1 gxf6 $8 ({auf} 
27... h6 {gäbe es ein elegantes Matt:} 28. Qxf7 Bc5 29. Bxh6 Rg8 30. Bxg7+ Rxg7
31. Qh5+ Rh7 32. Qxh7#) 28. Bxf6+ Bg7 {Hier wurde die Partie auf Vorschlag von
Schwarz remis gegeben,} (28... Bg7 {da nach} 29. Bxg7+ Kxg7 30. Qg5+ {
Dauerschach erfolgt.}) 1/2-1/2